X Men '97: X-Men by Picture - Statistics

General Stats
  • This quiz has been taken 508 times
  • The average score is 14 of 18
Answer Stats
Picture Answer % Correct
Cyclops/Scott Summers
99%
Professor X/Charles Xavier
99%
Wolverine/James Howlett
99%
Beast/Hank McCoy
98%
Storm/Ororo Munroe
97%
Jean Grey-Summers
94%
Magneto/Erik Lehnsherr
94%
Rogue/Anna Marie
93%
Nightcrawler/Kurt Wagner
90%
Gambit/Remy LeBeau
87%
Jubilee/Jubilation Lee
86%
Bishop/Lucas Bishop
76%
Morph
69%
Angel/Warren Worthington III
59%
Iceman/Robert Drake
55%
Sunspot/Roberto Da Costa
54%
Madelyne Pryor
51%
Polaris/Lorna Dane
37%
No matching quizzes found
Score Distribution
Percent of People with Each Score
Percentile by Number Answered
Your Score History
You have not taken this quiz